Tragedias

Salvato in:
Dettagli Bibliografici
Autore principale: Eurípides (Autore)
Natura: Libro
Lingua:spagnolo
Pubblicazione: Barcelona Bruguera 1974
Serie:Obras Inmortales
Soggetti:
Tags: Aggiungi Tag
Nessun Tag, puoi essere il primo ad aggiungerne!!

MARC

LEADER 00000nam a2200000 a 4500
001 UCP4056
003 CL-VaPUC
008 990709e19740000SP |||||||||||||||||spa|d
082 0 4 |a 882  |b EUR  |2 21 
100 0 |a Eurípides  |e author  |9 269419 
245 1 0 |a Tragedias 
246 1 0 |a Medea 
246 1 0 |a Bacantes 
246 1 0 |a Ifigenia en Aulide 
300 |a 222 p 
942 |c BK 
945 |d 19990709 00:00:00  |a lriquelm 
260 |a Barcelona  |b Bruguera  |c 1974 
650 0 |a Tragedia griega  |9 265362 
650 7 |a TEATRO CLASICO  |2 CL-VaPUC  |9 269101 
650 7 |a TEATRO GRIEGO  |2 CL-VaPUC  |9 431454 
650 7 |a LITERATURA GRIEGA  |2 CL-VaPUC  |9 258054 
583 |a last modification  |c 19990709 00:00:00  |k Rodrigo Vera 
490 0 |a Obras Inmortales 
999 |c 282136  |d 282134 
952 |0 0  |1 0  |4 0  |6 882_000000000000000_EUR_1974  |7 0  |8 A  |9 323584  |a BIBHIS  |b BIBHIS  |d 2019-11-20  |i 136507K  |o 882 EUR 1974  |p 136507K  |r 2025-01-20  |w 2019-11-20  |y BK  |k HIS